<?xml version="1.0" encoding="UTF-8"?>
<marc:record xmlns:marc="http://www.loc.gov/MARC21/slim">
   <marc:leader>00000nam a2200000 a 4500</marc:leader>
   <marc:datafield ind1="1" ind2=" " tag="100">
      <marc:subfield code="a">Weng, Joan</marc:subfield>
      <marc:subfield code="4">aut</marc:subfield>
      <marc:subfield code="e">Verfasser/-in</marc:subfield>
   </marc:datafield>
   <marc:datafield ind1="0" ind2="0" tag="245">
      <marc:subfield code="a">Die Frauen vom Savignyplatz</marc:subfield>
   </marc:datafield>
   <marc:datafield ind1="0" ind2="0" tag="245">
      <marc:subfield code="b">Roman</marc:subfield>
   </marc:datafield>
   <marc:datafield ind1="0" ind2="0" tag="245">
      <marc:subfield code="c">Joan Weng</marc:subfield>
   </marc:datafield>
   <marc:datafield ind1=" " ind2="1" tag="264">
      <marc:subfield code="a">Berlin</marc:subfield>
      <marc:subfield code="b">Aufbau Taschenbuch</marc:subfield>
      <marc:subfield code="c">2018</marc:subfield>
   </marc:datafield>
   <marc:datafield ind1="1" ind2=" " tag="520">
      <marc:subfield code="a">Angaben aus der Verlagsmeldung

Die Frauen vom Savignyplatz : Roman / von Joan Weng

Berlin, 1925: Als Vicky von ihrem Mann verlassen wird, denkt sie gar nicht daran, sich einen neuen Gatten und Ernährer zu suchen. Nicht umsonst lebt man in der Stadt der Sünde. Nachts taucht sie ein in die glamouröse Welt der Tanzlokale und Varietés, tagsüber eröffnet sie gemeinsam mit einer Freundin eine Buchhandlung: nur für Frauen. Schon bald werden sie zu Ikonen der aufkeimenden Emanzipation und Ziel konservativer Anfeindungen. Und dann steht plötzlich ein Mann vor Vicky, der sie alle Vorsätze über Bord werfen lässt.
</marc:subfield>
   </marc:datafield>
   <marc:datafield ind1=" " ind2=" " tag="020">
      <marc:subfield code="a">9783746634258</marc:subfield>
      <marc:subfield code="9">9783746634258</marc:subfield>
   </marc:datafield>
   <marc:datafield ind1=" " ind2=" " tag="020">
      <marc:subfield code="a">3746634253</marc:subfield>
      <marc:subfield code="9">3746634253</marc:subfield>
   </marc:datafield>
   <marc:datafield ind1=" " ind2=" " tag="041">
      <marc:subfield code="a">ger</marc:subfield>
   </marc:datafield>
   <marc:datafield ind1=" " ind2=" " tag="300">
      <marc:subfield code="a">312 Seiten</marc:subfield>
   </marc:datafield>
</marc:record>
